[Event "Hastings op 9495"]
[Site "Hastings"]
[Date "1994.??.??"]
[Round "?"]
[White "Conquest, Stuart"]
[Black "Holland, Christopher"]
[Result "1-0"]
[WhiteElo "2505"]
[BlackElo "2265"]
[PlyCount "109"]
[EventDate "1994.12.??"]
[EventType "swiss"]
[EventRounds "9"]
[EventCountry "ENG"]
[SourceTitle "EXT 1998"]
[Source "ChessBase"]
[SourceDate "1997.11.17"]
[SourceVersion "1"]
[SourceVersionDate "1997.11.17"]
[SourceQuality "1"]

1. e4 c5 2. Nc3 Nc6 3. Nge2 g6 4. d3 Bg7 5. Be3 d6 6. Qd2 Rb8 7. a3 Qa5 8. d4 Nf6 9. d5 Ne5 10. Ng3 b5 11. f4 Nc4 12. Bxc4 bxc4 13. Nd1 Qc7 14. c3 0-0 15. Nf2 e6 16. dxe6 fxe6 17. 0-0 d5 18. e5 Nd7 19. Ng4 Nb6 20. Rac1 Na4 21. Rc2 Bb7 22. Qe2 Qe7 23. Rd2 Bc6 24. h3 Rb7 25. Rc1 Rfb8 26. Rcc2 Kh8 27. Nf1 Bb5 28. Qf2 Rf8 29. Qg3 Bc6 30. Nfh2 Rfb8 31. Qf2 Rb3 32. Nf3 Rf8 33. Ng5 Kg8 34. Qh4 h5 35. Nh2 Kh8 36. Qf2 Kg8 37. Nhf3 Rb7 38. g4 Bh6 39. gxh5 gxh5 40. Qh4 Qe8 41. Rg2 Kh8 42. Rcf2 Rg7 43. Kh2 Rf5 44. Qg3 Bxg5 45. fxg5 d4 46. cxd4 Nxb2 47. Nh4 Rxf2 48. Rxf2 Nd1 49. Rf6 Nxe3 50. Qxe3 cxd4 51. Qxd4 Qd7 52. Qf2 Qd1 53. Rf8+ Kh7 54. g6+ Rxg6 55. Nxg6 1-0

[Event "London4"]
[Site "London"]
[Date "1994.??.??"]
[Round "?"]
[White "Holland, Christopher"]
[Black "Beaumont, Chris"]
[Result "1/2-1/2"]
[WhiteElo "2220"]
[BlackElo "2365"]
[PlyCount "62"]
[EventDate "1994.??.??"]
[EventType "tourn"]
[EventRounds "14"]
[EventCountry "ENG"]
[SourceTitle "EXT 1999"]
[Source "ChessBase"]
[SourceDate "1998.11.16"]
[SourceVersion "1"]
[SourceVersionDate "1998.11.16"]
[SourceQuality "1"]

1. c4 c5 2. Nc3 g6 3. Nf3 Bg7 4. d4 cxd4 5. Nxd4 Nc6 6. Nc2 Bxc3+ 7. bxc3 Qa5 8. Qd3 Nf6 9. g3 d6 10. Ne3 Be6 11. Bg2 Rc8 12. 0-0 Ne5 13. Qd4 b6 14. Bd5 Qc5 15. a4 Qxd4 16. cxd4 Nxc4 17. Bxc4 Bxc4 18. Re1 Kd7 19. f3 Rc7 20. Kf2 Rhc8 21. Bd2 Nd5 22. Nxd5 Bxd5 23. Reb1 Rc2 24. Ke1 Ba2 25. Rb4 d5 26. Kd1 R8c6 27. a5 bxa5 28. Rb7+ Ke6 29. Bxa5 Bc4 30. Bd2 Ra2 31. Rxa2 Bxa2 1/2-1/2

[Event "London4"]
[Site "London"]
[Date "1994.??.??"]
[Round "?"]
[White "Holland, Christopher"]
[Black "Dive, Russell John"]
[Result "1-0"]
[WhiteElo "2220"]
[BlackElo "2315"]
[PlyCount "99"]
[EventDate "1994.??.??"]
[EventType "tourn"]
[EventRounds "14"]
[EventCountry "ENG"]
[SourceTitle "EXT 1999"]
[Source "ChessBase"]
[SourceDate "1998.11.16"]
[SourceVersion "1"]
[SourceVersionDate "1998.11.16"]
[SourceQuality "1"]

1. c4 Nf6 2. Nc3 c5 3. Nf3 d5 4. cxd5 Nxd5 5. e4 Nb4 6. Bb5+ Bd7 7. a3 Qa5 8. Bxd7+ Nxd7 9. d4 Qa6 10. axb4 Qxa1 11. dxc5 Qa6 12. b5 Qe6 13. Be3 Rc8 14. b4 f6 15. 0-0 Qc4 16. Qd5 Qxc3 17. Rd1 Nb6 18. cxb6 axb6 19. Bxb6 Qc4 20. Qxb7 Kf7 21. h3 g5 22. Bc5 Re8 23. b6 h5 24. Nd4 Kg6 25. Qd5 Qxd5 26. exd5 g4 27. hxg4 hxg4 28. Nc6 Bh6 29. Bxe7 g3 30. d6 Kf7 31. b7 Bf4 32. fxg3 Bxg3 33. Rd3 Be5 34. Nxe5+ fxe5 35. Bg5 e4 36. Rd1 Rb8 37. d7 Rxb7 38. d8Q Rxd8 39. Bxd8 Rxb4 40. Re1 Ke6 41. Kf2 Kf5 42. Ba5 Ra4 43. Bd2 Kg4 44. Re2 Rc4 45. Re3 Ra4 46. Rg3+ Kf5 47. Rg5+ Kf6 48. Ra5 Rc4 49. Ke3 Kg6 50. Re5 1-0

[Event "London1"]
[Site "London"]
[Date "1994.??.??"]
[Round "7"]
[White "Holland, Christopher"]
[Black "McKenna, Jason P"]
[Result "0-1"]
[WhiteElo "2220"]
[BlackElo "2175"]
[PlyCount "78"]
[EventDate "1994.??.??"]
[EventType "tourn"]
[EventRounds "9"]
[EventCountry "ENG"]
[EventCategory "2"]
[SourceTitle "EXT 1997"]
[Source "ChessBase"]
[SourceDate "1996.11.15"]
[SourceVersion "1"]
[SourceVersionDate "1996.11.15"]
[SourceQuality "1"]

1. c4 Nf6 2. Nc3 g6 3. Nf3 Bg7 4. g3 0-0 5. Bg2 d6 6. 0-0 e5 7. d3 Nc6 8. Rb1 Bf5 9. b4 Qd7 10. Bg5 Rfe8 11. Bxf6 Bxf6 12. Nd5 Bg7 13. Nd2 Nd8 14. b5 c6 15. bxc6 bxc6 16. Nb4 Bh3 17. Bxh3 Qxh3 18. Qa4 Qd7 19. Rb3 Rc8 20. Nd5 Ne6 21. Ne4 Qd8 22. Ndc3 f5 23. Qxa7 fxe4 24. Nxe4 d5 25. cxd5 cxd5 26. Nd2 Re7 27. Qe3 Nd4 28. Rb2 Rec7 29. Nb3 Nf5 30. Qb6 Qd6 31. Qa5 e4 32. Rbb1 e3 33. fxe3 Nxe3 34. Rf3 d4 35. h3 Rc2 36. Kf2 Rf8 37. Nd2 Be5 38. Ne4 Rxf3+ 39. Kxf3 Qf8+ 0-1